000 00281nam a2200121Ia 4500
005 20251222152554.0
008 251222s9999||||xx |||||||||||||| ||spa||
082 _a985.004.9/C47/Ej.2
100 _aCamino, Alejandro
245 0 _aAmazonia Peruana
264 _bCAAAP
942 _cLIB
999 _c26373
_d26373